000 00555nam a2200181Ia 4500
008 100920s9999 xx 000 0 und d
082 _b80204
_a891.464 न 01
100 _aघाटे निरंजन.
245 _a11 सप्टेंबर.
260 _bप्राजक्त प्रकाशन, पुणे.
_c2001
300 _a80
_bसाधी
365 _b80
520 _aनिबंध.
630 _a11 सप्टेंबर.
650 _aनिबंध.
730 _a11 सप्टेंबर.
942 _cBOOK
999 _c721120
_d721117